000 01085nam a2200301 i 4500
001 70936
003 Mx-PuUPA
005 20240411075059.0
008 240411s2020 nyu |||fr|||| 00| 0 eng d
020 _a9780367199340
_qrústica
040 _aMx-PuUPA
_bspa
_cMx-PuUPA
_dMx-PuUPA
_erda
041 0 _aeng
100 1 _aKellner, Douglas,
_d1943-
_915571
_eautor
245 1 0 _aMedia culture :
_bcultural studies, identity and politics in the contemporary moment /
_cDouglas Kellner
250 _aSecond edition
250 _a25th Anniversary edition
264 1 _aOxon, OX :
_bRoutledge,
_c©2020
300 _a325 páginas ;
_c24 cm
336 _2rdacontent
_atexto
_btxt
337 _2rdamedia
_asin medio
_bn
338 _2rdacarrier
_avolumen
_bnc
650 7 _2armarc
_aMedios de comunicación de masas
_zEstados Unidos
650 7 _2armarc
_aCultura popular
_zEstados Unidos
942 _2ddc
_cLI
_h302.230973
_iK295
999 _c70936
_d70936